000 00438nam a2200169 a 4500
001 0000-8827
003 ELIB.Books
008 110520 1927
035 _a(ELIB.Books)0000-8973
082 _a226.7
_bDou
100 _aDouglas, Lioyd C.
245 _aThose Disturbing Miracles
260 _bNew York: Harper Brother Publishers
_c1927
650 _aNew Testament
942 _2ddc
_cBK
998 _cbat
_e2011-05-20
999 _c8827
_d8827